首都高速道路のIC・JCT・PA - Statistics

General Stats
  • This quiz has been taken 478 times
  • The average score is 75 of 211
Answer Stats
name type % Correct
渋谷しぶや IC
79%
新宿しんじゅく IC
75%
羽田はねだ IC
73%
大井おおい IC | JCT | PA
72%
上野うえの IC
71%
台場だいば IC
71%
目黒めぐろ IC
69%
大黒だいこく JCT | PA
68%
大橋おおはし JCT
67%
銀座ぎんざ IC
65%
箱崎はこざき IC | JCT | PA
65%
板橋いたばし JCT
63%
葛西かさい IC | JCT
63%
川口かわぐち JCT | PA
63%
晴海はるみ IC
63%
三郷みさと IC | JCT
62%
江戸橋えどばし JCT
61%
高井戸たかいど IC
61%
用賀ようが IC | PA
61%
小松川こまつがわ IC | JCT
60%
八重洲やえす IC
60%
代々木よよぎ IC | PA
60%
美女木びじょぎ JCT
58%
豊洲とよす IC
57%
西新宿にししんじゅく JCT
56%
有明ありあけ IC | JCT
54%
浦安うらやす IC
54%
京橋きょうばし IC | JCT
53%
汐留しおどめ IC | JCT
53%
辰巳たつみ JCT
52%
初台はつだい IC
52%
新木場しんきば IC
51%
三宅坂みやけざか JCT
51%
霞が関かすみがせき IC
49%
小菅こすげ IC | JCT
49%
新橋しんばし IC
49%
東池袋ひがしいけぶくろ IC
49%
向島むこうじま IC
49%
両国りょうごく JCT
49%
池尻いけじり IC
48%
江北こうほく JCT
46%
五反田ごたんだ IC
46%
東雲しののめ JCT
46%
飯田橋いいだばし IC
45%
木場きば IC
45%
竹橋たけばし JCT
45%
市川いちかわ PA
44%
入谷いりや IC
44%
永福えいふく IC | PA
44%
芝浦しばうら IC | JCT | PA
44%
芝公園しばこうえん IC
44%
神田橋かんだばし IC | JCT
43%
空港中央くうこうちゅうおう IC
43%
大師だいし IC | JCT | PA
43%
川崎浮島かわさきうきしま JCT
42%
錦糸町きんしちょう IC
42%
舞浜まいはま IC
42%
平和島へいわじま IC | PA
41%
三ツ沢みつざわ IC
41%
戸田とだ IC
40%
生麦なまむぎ IC | JCT
40%
八潮やしお IC | PA
40%
三軒茶屋さんげんぢゃや IC
39%
谷町たにまち JCT
39%
浜崎橋はまざきばし JCT
39%
護国寺ごこくじ IC
38%
新都心しんとしん IC
38%
高島平たかしまだいら IC
38%
堀切ほりきり JCT
37%
与野よの IC
37%
幡ヶ谷はたがや IC
36%
空港西くうこうにし IC
35%
昭和島しょうわじま JCT
35%
西池袋にしいけぶくろ IC
35%
熊野町くまのちょう JCT
34%
子安こやす IC
34%
宝町たからちょう IC
34%
西銀座にしぎんざ IC | JCT
34%
横浜青葉よこはまあおば IC | JCT
34%
加平かへい IC | PA
33%
戸越とごし IC
33%
早稲田わせだ IC
33%
一ノ橋いちのはし JCT
32%
外苑がいえん IC
32%
さいたま見沼さいたまみぬま IC
32%
丸の内まるのうち IC
32%
みなとみらいみなとみらい IC
32%
一之江いちのえ IC
31%
浮島うきしま IC
31%
北池袋きたいけぶくろ IC
31%
北の丸きたのまる IC
31%
東海とうかい JCT
31%
中野長者橋なかのちょうじゃばし IC
31%
東銀座ひがしぎんざ IC
31%
大井南おおいみなみ IC
30%
高谷こうや JCT
30%
一ツ橋ひとつばし IC
30%
横浜駅西口よこはまえきにしぐち IC
30%
荏原えばら IC
29%
志村しむら PA
29%
本牧ほんもく JCT
29%
南池袋みなみいけぶくろ PA
29%
横浜駅東口よこはまえきひがしぐち IC
29%
石川町いしかわちょう IC | JCT
27%
新富町しんとみちょう IC
27%
新横浜しんよこはま IC
27%
磯子いそご IC
26%
扇大橋おうぎおおはし IC
26%
臨海副都心りんかいふくとしん IC
26%
高樹町たかぎちょう IC
25%
飯倉いいくら IC
24%
板橋本町いたばしほんちょう IC
24%
代官町だいかんちょう IC
24%
浜町はまちょう IC
24%
杉田すぎた IC
23%
大黒ふ頭だいこくふとう IC
23%
千鳥町ちどりちょう IC
23%
戸田南とだみなみ IC
23%
永田ながた IC
23%
王子南おうじみなみ IC
22%
金港きんこう JCT
22%
新都心西しんとしんにし IC
22%
横浜公園よこはまこうえん IC
22%
横浜港北よこはまこうほく IC | JCT
22%
浦和北うらわきた IC
21%
浦和南うらわみなみ IC
21%
枝川えだがわ IC
21%
王子北おうじきた IC
21%
天現寺てんげんじ IC
21%
八潮南やしおみなみ IC
21%
四つ木よつぎ IC
21%
安行あんぎょう IC
20%
中環大井南ちゅうかんおおいみなみ IC
20%
東神奈川ひがしかながわ IC
20%
新井宿あらいじゅく IC
19%
駒形こまがた IC | PA
19%
鈴ヶ森すずがもり IC
19%
辰巳第二たつみだいに PA
19%
初台南はつだいみなみ IC
19%
三溪園さんけいえん IC
18%
千住新橋せんじゅしんばし IC
18%
辰巳第一たつみだいいち PA
18%
富ヶ谷とみがや IC
18%
幸浦さちうら IC
17%
西神田にしかんだ IC
17%
清洲橋きよすばし IC
16%
滝野川たきのがわ IC
16%
浜川崎はまかわさき IC
16%
勝島かつしま IC
15%
塩浜しおはま IC
15%
鹿浜橋しかはまばし IC
15%
新板橋しんいたばし IC
15%
清新町せいしんちょう IC
15%
高松たかまつ IC
15%
中台なかだい IC
15%
平井大橋ひらいおおはし IC
15%
本町ほんちょう IC
15%
湾岸環八わんがんかんぱち IC
15%
岸谷生麦きしやなまむぎ IC
14%
土橋どばし IC
14%
馬場ばば IC
14%
東領家ひがしりょうけ IC
14%
本牧ふ頭ほんもくふとう IC
14%
汐入しおいり IC
13%
新山下しんやました IC
13%
阪東橋ばんどうばし IC
13%
船堀橋ふなぼりばし IC
13%
堤通つつみどおり IC
12%
殿町とのまち IC
12%
浅田あさだ IC
11%
足立入谷あだちいりや IC
11%
新京橋しんきょうばし IC
11%
福住ふくずみ IC
11%
加賀かが IC
10%
新郷しんごう IC
9%
花之木はなのき IC
9%
東扇島ひがしおおぎしま IC
9%
南本牧ふ頭みなみほんもくふとう IC
9%
山下町やましたちょう IC
9%
中環小松川ちゅうかんこまつがわ IC
8%
守屋町もりやちょう IC
8%
No matching quizzes found
Score Distribution
Percent of People with Each Score
Percentile by Number Answered
Your Score History
You have not taken this quiz